| 000 | 00481nam a2200157 i 4500 | ||
|---|---|---|---|
| 001 | bg | ||
| 245 | 0 | 0 |
_aPolska wieś : _bwybrane dane o gminach / _cGłówny Urząd Statystyczny. |
| 260 |
_aWarszawa : _b[GUS], _c1995. |
||
| 300 |
_a435 s.[głównie tabele], [11] k.tabl. kolor. : _bmapy, wykr. ; _c29 cm. |
||
| 650 | 9 |
_aWieś _zPolska |
|
| 040 | _cBPK | ||
| 041 | 0 | _apl | |
| 080 | _a338.43(438)"1976/1993":311.3(083.41) | ||
| 942 | _cKS | ||
| 008 | s pl f |000 0 pol | ||
| 999 |
_c30810 _d30810 |
||
| 856 |
_uhttp://koha.tu.koszalin.pl/cgi-bin/koha/opac-detail.pl?biblionumber=30810 _yKatalog online BPK |
||